000 00267nam a22001217a 4500
008 170508b xxu||||| |||| 00| 0 eng d
041 _aeng
080 _a355
100 _a15
101 _aSHJ
245 _aPOLICE USE OF DEADLY FORCE
_cMILTON, C.H
942 _2udc
_cBK
999 _c12897
_d12897